000
00254nam a2200109Ia 4500
008
190912s9999||||xx |||||||||||||| ||und||
100
_a
Robert Heller
245
0
_a
Essential Manager's Manual
260
_a
USA
_b
Dorling
_c
1998
300
_a
864
942
_c
BK
999
_c
7223
_d
7223